Представление документа в формате RUSMARC

ПолеНазваниеЗначение
  Тип записи a
  Библиографический уровень m
001 Контрольный номер Book/16471
005 Дата корректировки 20221129235130.3
090 Данные записи __
a Состояние записи Полное
b Тип записи Книги
c Язык записи Русский
d Отрасль знаний (КСУ) Общ.-полит.
e Секретность Несекретно
g Вид записи Общая часть многотомника
100 Данные общей обработки __
a Данные общей обработки 20120322d y0rusy50 ca
101 Язык документа 0_
a Язык текста rus
102 Страна публикации __
a Страна публикации RU
105 Кодированные данные (монография) __
a Кодированные данные (монография) 00 y
200 Заглавие и сведения об ответственности 1_
a Заглавие История цивилизации
b Общее обозначение материала Текст
e Сведения, относящиеся к заглавию в 2-х кн.
f Первые сведения об ответственности Г. Уэллс
g Последующие сведения об ответственности пер. с англ. А. Тетеркина
210 Выходные данные __
a Место издания Москва
c Издательство ТЕРРА-Книжный клуб
d Дата издания 2009
a Место издания Санкт-Петербург
c Издательство Северо-Запад
215 Физическое описание __
d Формат -.
225 Серия 1_
a Серия Мир вокруг нас
686 Индексы других классификаций __
a Классификационный индекс 63.3(0)
2 Код системы rubbk
700 Автор _1
a Фамилия Уэллс
b Имя (инициалы) Г.
801 Источник записи _0
a Страна RU
b Организация МБУК ЦБС г. Ульяновска
c Дата составления 20120322
801 Источник записи _1
a Страна RU
b Организация МБУК ЦБС г. Ульяновска
c Дата составления 20120322